000
00221 a2200097 4500
001
14023
100
_a
Roberts M
245
_a
The Faber book of modern verse
260
_a
London
_b
Faber & Faber
_c
090
_c
10980
_d
10980
942
_a
NUST-CAE
_c
M
_c
1092
999
_c
249096
_d
249096